Food problems of India (Record no. 21902)

MARC details
000 -LEADER
fixed length control field 00269nam a2200109Ia 4500
082 ## - DEWEY DECIMAL CLASSIFICATION NUMBER
Classification number 641.3
Item number PAP
100 ## - MAIN ENTRY--AUTHOR NAME
Personal name Pappadakis, J
245 #0 - TITLE STATEMENT
Title Food problems of India
260 ## - PUBLICATION, DISTRIBUTION, ETC. (IMPRINT)
Place of publication Argentina
Name of publisher Buenos Aires
Year of publication 1967
942 ## - ADDED ENTRY ELEMENTS (KOHA)
Koha item type Books
Holdings
Withdrawn status Lost status Damaged status Not for loan Home library Current library Date acquired Source of acquisition Full call number Accession Number Koha item type
        RRII Library RRII Library 16/12/2021 Auction 641.3 PAP 02619 Books